Trois songes /

Bibliographic Details
Main Author: Gobeil, Gilles, 1954-
Corporate Author: Zentrum für Kunst und Medientechnologie Karlsruhe
Format: CD Software Audio
Language:No linguistic content
Published: Montréal : Empreintes DIGITALes, [2008]
Subjects:

MARC

Tag First Indicator Second Indicator Subfields
LEADER 00000cjm a2200000Ia 4500
001 in00003441229
005 20151206102839.0
006 m u
007 sd zumunnmplnu
007 co uga||||||||
008 080109p20082005qucuunn ehi n zxx d
024 1 0 |a 771028089291 
028 0 2 |a IMED 0892  |b empreintes DIGITALes 
035 |a (OCoLC)ocn243605981 
035 |a (OCoLC)243605981 
040 |a SFB  |b eng  |c SFB  |d UAT  |d OCLCQ  |d UAB  |d OCLCF  |d TXA  |d UtOrBLW 
041 0 |g fre  |g eng 
049 |a TXAM 
050 4 |a M1473.G574  |b C64 2008 
090 |a M1473.G627  |b C64 2008 
100 1 |a Gobeil, Gilles,  |d 1954- 
240 1 0 |a Computer music.  |k Selections 
245 1 0 |a Trois songes /  |c Gilles Gobeil. 
246 3 |a 3 songes 
246 3 0 |a Songes 
264 1 |a Montréal :  |b Empreintes DIGITALes,  |c [2008] 
264 4 |c ℗2008 
300 |a 1 sound disc :  |b digital, DVD ;  |c 4 3/4 in. 
306 |a 002300  |a 001808  |a 001342 
336 |a performed music  |b prm  |2 rdacontent 
337 |a computer  |b c  |2 rdamedia 
338 |a computer disc  |b cd  |2 rdacarrier 
538 |a System requirements for DVD audio: Surround 5.1: MLP 48/96 khz, 24 bit; Stéréo 2.0: 48 khz, 24 bit. System requirements for DVD video: Surround 5.1: DTS, Dolby Digital; Stéréo 2.0: 48 khz, 24 bit. System requirements for DVD-ROM: Stéréo 2.0: MP3, AAC 320 kbps. 
500 |a Electroacoustic music. 
500 |a Enhanced compact disc; DVD video and DVD-ROM merely display program information as the audio recording plays. 
500 |a Program notes in French and English (1 folded sheet : ill. ; 37 x 13 cm., folded to 14 x 13 cm.) inserted in container. 
505 0 |a Ombres, espaces, silences-- : (2005) (23:00) -- Entre les deux rives du printemps : (2006) (18:08) -- Le miroir triste : (2007) (13:42). 
518 |a Realized at the Zentrum für Kunst und Medientechnologie, Karlsruhe, Germany, 2005-2007. 
500 |a Sound recording. 
650 0 |a Computer music. 
650 0 |a Electronic music. 
650 7 |a Computer music.  |2 fast  |0 (OCoLC)fst00872274 
650 7 |a Electronic music.  |2 fast  |0 (OCoLC)fst00907363 
700 1 2 |a Gobeil, Gilles,  |d 1954-  |t Ombres, espaces, silences-- 
700 1 2 |a Gobeil, Gilles,  |d 1954-  |t Entre les deux rives du printemps. 
700 1 2 |a Gobeil, Gilles,  |d 1954-  |t Miroir triste. 
710 2 |a Zentrum für Kunst und Medientechnologie Karlsruhe. 
948 |a cataloged  |b h  |c 2014/8/29  |d c  |e jolivare  |f 2:32:31 pm  |x Check record 
994 |a C0  |b TXA 
999 |a MARS 
999 f f |s 107ffb3a-7073-3f50-beeb-473368483dbc  |i b52e742f-1d0c-3488-9064-5ab7081969ad  |t 0 
952 f f |p ric  |a Texas A&M University  |b Rellis Campus  |c Joint Library Facility  |d Remote Storage  |t 0  |e M1473.G627 C64 2008  |h Library of Congress classification  |i computer -- computer disc  |m A14842713092 
998 f f |a M1473.G627 C64 2008  |t 0  |l Remote Storage